[Event "Cappelle-la-Grande"]
[Site "Cappelle-la-Grande (FRA)"]
[Date "2013.02.25"]
[Round "3.82"]
[White "Kojima, Shinya"]
[Black "Winiarski, Mikolaj"]
[Result "1-0"]
[WhiteElo "2368"]
[BlackElo "2097"]
[PlyCount "67"]
[EventDate "2013.??.??"]

1. Nf3 Nc6 2. d4 d5 3. Bf4 Nf6 4. e3 e6 5. c4 Bb4+ 6. Nbd2 Ne4 7. a3 Bd6 8. Bg3
O-O 9. Bd3 Nxd2 10. Qxd2 dxc4 11. Bxc4 b6 12. O-O-O Bd7 13. Qc2 Na5 14. Bd3 h6
15. b4 Qe8 16. bxa5 Bxa3+ 17. Kd2 Bb4+ 18. Ke2 Ba4 19. Qc4 Bxd1+ 20. Rxd1 Bxa5
21. Bb1 Rc8 22. Qd3 f5 23. Ba2 c5 24. Bd6 Rf6 25. dxc5 bxc5 26. Ne5 Qh5+ 27.
Nf3 Bb6 28. Be7 Rg6 29. Qd7 Rb8 30. Bxe6+ Kh7 31. Bxf5 Kh8 32. g4 Qh3 33. Bxg6
Ba5 34. Bf6 1-0

[Event "Cappelle-la-Grande"]
[Site "Cappelle-la-Grande (FRA)"]
[Date "2013.02.25"]
[Round "3.83"]
[White "Berkovich, Mark A"]
[Black "Clement, Paul"]
[Result "1-0"]
[WhiteElo "2354"]
[BlackElo "2030"]
[PlyCount "49"]
[EventDate "2013.??.??"]

1. Nf3 Nf6 2. g3 g6 3. Bg2 Bg7 4. O-O d6 5. d4 O-O 6. b3 Bd7 7. Bb2 Qc8 8. Re1
Bh3 9. e4 Bxg2 10. Kxg2 Nfd7 11. Nc3 e6 12. Qd2 b6 13. h4 Qb7 14. h5 Nc6 15.
Rad1 f5 16. hxg6 hxg6 17. Qe2 Rf6 18. d5 Nce5 19. Ng5 Nc5 20. b4 Nxe4 21. Ncxe4
fxe4 22. Bxe5 dxe5 23. Nxe4 exd5 24. Nxf6+ Bxf6 25. Qf3 1-0

[Event "Cappelle-la-Grande"]
[Site "Cappelle-la-Grande (FRA)"]
[Date "2013.02.25"]
[Round "3.84"]
[White "Radovanovic, Jovica"]
[Black "Haverkamp, Klaus"]
[Result "1/2-1/2"]
[WhiteElo "2350"]
[BlackElo "2029"]
[PlyCount "138"]
[EventDate "2013.??.??"]

1. Nf3 Nf6 2. c4 c5 3. g3 b6 4. Bg2 Bb7 5. Nc3 g6 6. O-O Bg7 7. d4 cxd4 8. Qxd4
O-O 9. Qh4 d6 10. Bg5 Nbd7 11. Rac1 Re8 12. Rfd1 Nc5 13. Nd4 Bxg2 14. Kxg2 Qc8
15. Nf3 Ne6 16. Be3 Qb7 17. Kg1 Rac8 18. b3 Qa6 19. Nd4 Nxd4 20. Bxd4 Qa5 21.
Qh3 Qh5 22. Qxh5 Nxh5 23. Be3 Nf6 24. f3 Nd7 25. Kf2 Ne5 26. g4 Kf8 27. h4 Nc6
28. Nd5 Bb2 29. Rb1 Bg7 30. Rbc1 Bb2 31. Bh6+ Bg7 32. Bxg7+ Kxg7 33. f4 f6 34.
g5 fxg5 35. hxg5 Rh8 36. Rh1 h5 37. e3 Rhf8 38. Kg3 Rf7 39. Rcd1 Kg8 40. Rd2
Kg7 41. Nc3 Nd8 42. Nb5 a6 43. Nd4 Rc5 44. Rhd1 Kg8 45. Nf3 Ne6 46. Rd5 Nc7 47.
R5d3 Ne6 48. Nd2 Ra5 49. a4 Rc5 50. Ne4 Rc8 51. Nxd6 exd6 52. Rxd6 Re8 53. Rxb6
Kh7 54. b4 Nxg5 55. fxg5 Rxe3+ 56. Kg2 Re2+ 57. Kh1 Re4 58. Rf6 Rh4+ 59. Kg2
Re7 60. Rxa6 Rxc4 61. b5 Rg4+ 62. Kf3 Rxg5 63. Rd4 Re1 64. b6 Rf5+ 65. Kg2 Re2+
66. Kg1 Re1+ 67. Kg2 Re2+ 68. Kg3 Re3+ 69. Kg2 Re2+ 1/2-1/2

[Event "Cappelle-la-Grande"]
[Site "Cappelle-la-Grande (FRA)"]
[Date "2013.02.25"]
[Round "3.85"]
[White "Dengler, Dijana"]
[Black "Sedina, Elena"]
[Result "1/2-1/2"]
[WhiteElo "2062"]
[BlackElo "2349"]
[PlyCount "150"]
[EventDate "2013.??.??"]

1. e4 c5 2. Nf3 e6 3. c3 d5 4. exd5 exd5 5. d4 a6 6. Bd3 c4 7. Be2 Bd6 8. b3
cxb3 9. axb3 Nc6 10. O-O Nge7 11. Na3 O-O 12. Nb5 Bb8 13. c4 Bg4 14. Nc3 Re8
15. Be3 Bc7 16. Ng5 Bxe2 17. Nxe2 h6 18. Nf3 Nf5 19. Bc1 Qd7 20. Bb2 Rad8 21.
Bc3 Qe6 22. Re1 Qg6 23. Qb1 Qh5 24. Qb2 Nh4 25. Nxh4 Qxh4 26. Ng3 Ne7 27. Re2
Ng6 28. Rae1 Rxe2 29. Qxe2 Bd6 30. Qf3 Bxg3 31. hxg3 Qg5 32. cxd5 Nf8 33. Bb4
Ng6 34. d6 Qb5 35. Qc3 a5 36. Ba3 Qd7 37. Qxa5 Rc8 38. Qd2 Ra8 39. Bb4 Qb5 40.
Rc1 Qd7 41. Qc3 Qg4 42. Qb2 h5 43. Qd2 h4 44. Qd1 Qe4 45. d7 Qe6 46. Rc7 hxg3
47. fxg3 Rd8 48. Qe1 Qf6 49. Qe3 Kh7 50. Rxb7 Qc6 51. Ra7 Rxd7 52. Rxd7 Qxd7
53. Bc5 Qf5 54. b4 Qb1+ 55. Kh2 f6 56. Qf3 Kg8 57. Qd5+ Kh7 58. Qe6 Kh8 59.
Qe8+ Kh7 60. b5 Qf5 61. Qe2 Qg5 62. b6 Qh6+ 63. Kg1 Qc1+ 64. Kf2 Qb1 65. Qh5+
Kg8 66. Qd5+ Kh7 67. b7 Qc2+ 68. Ke3 Qc3+ 69. Ke2 Qc2+ 70. Kf3 Qd1+ 71. Ke4
Qb1+ 72. Kf3 Qd3+ 73. Kf2 Qd2+ 74. Kg1 Qc1+ 75. Kf2 Qd2+ 1/2-1/2

[Event "Cappelle-la-Grande"]
[Site "Cappelle-la-Grande (FRA)"]
[Date "2013.02.25"]
[Round "3.86"]
[White "Czyz, Artur"]
[Black "Westerinen, Heikki M.j"]
[Result "1/2-1/2"]
[WhiteElo "2029"]
[BlackElo "2339"]
[PlyCount "50"]
[EventDate "2013.??.??"]

1. e4 e6 2. d4 d5 3. Nd2 c5 4. Ngf3 Nf6 5. e5 Nfd7 6. c3 Nc6 7. Bd3 Qb6 8. O-O
Be7 9. Re1 cxd4 10. cxd4 Nxd4 11. Nxd4 Qxd4 12. Nb3 Qa4 13. Bc2 a6 14. a3 Qc4
15. Bd3 Qc7 16. Bf4 Nc5 17. Nxc5 Qxc5 18. Rc1 Qb6 19. Be3 Qd8 20. Qg4 g6 21.
Bh6 Bd7 22. Re3 Rc8 23. Rce1 Bf8 24. Bg5 Be7 25. Bh6 Bf8 1/2-1/2

[Event "Cappelle-la-Grande"]
[Site "Cappelle-la-Grande (FRA)"]
[Date "2013.02.25"]
[Round "3.87"]
[White "Marholev, Dimitar"]
[Black "Maruejols, Claude"]
[Result "1/2-1/2"]
[WhiteElo "2333"]
[BlackElo "1972"]
[PlyCount "80"]
[EventDate "2013.??.??"]

1. Nf3 Nf6 2. c4 g6 3. Nc3 d5 4. Qa4+ Bd7 5. Qb3 dxc4 6. Qxc4 a6 7. e4 b5 8.
Qe2 c5 9. e5 Nh5 10. d4 cxd4 11. Nxd4 Nc6 12. Nb3 b4 13. Na4 Nxe5 14. Qxe5 Bg7
15. Qe4 Bxa4 16. Qxb4 Bc6 17. Na5 Bd5 18. Qa4+ Qd7 19. Qxd7+ Kxd7 20. Be2 Rhc8
21. O-O Ke8 22. Rd1 e6 23. Nb3 a5 24. Nd4 Rab8 25. Nb5 Rc2 26. Bd3 Rc5 27. a4
Bb3 28. Be3 Bxd1 29. Bxc5 Bb3 30. Nc3 f5 31. Ra3 Kf7 32. Nb5 Bd5 33. b3 Nf4 34.
Bd6 Nxd3 35. Bxb8 Bb2 36. Bc7 Bxa3 37. Nxa3 Bxb3 38. Bxa5 Bxa4 39. Bc3 Bc6 40.
Nc4 Bd5 1/2-1/2

[Event "Cappelle-la-Grande"]
[Site "Cappelle-la-Grande (FRA)"]
[Date "2013.02.25"]
[Round "3.102"]
[White "Shalnev, Nikolai"]
[Black "Lucas, Jean"]
[Result "1/2-1/2"]
[WhiteElo "2338"]
[BlackElo "1767"]
[PlyCount "87"]
[EventDate "2013.??.??"]

1. e4 e5 2. Nf3 Nc6 3. Bb5 f5 4. Nc3 fxe4 5. Nxe4 d5 6. Ng3 Bg4 7. h3 Bxf3 8.
Qxf3 Qd6 9. Bxc6+ Qxc6 10. Qh5+ Kd7 11. O-O Re8 12. d4 Nf6 13. Qf5+ Qe6 14.
Qxe5 Qxe5 15. dxe5 Rxe5 16. Bf4 Re6 17. Rfe1 Rc6 18. Re2 Bc5 19. Rd1 Kc8 20. c3
Rf8 21. Be5 Re6 22. Bd4 Rxe2 23. Nxe2 Bxd4 24. Nxd4 c6 25. f3 Re8 26. Kf2 g6
27. g4 Kc7 28. Rd3 Nd7 29. Re3 Rxe3 30. Kxe3 Kd6 31. f4 Nc5 32. b3 Ne4 33. Ne2
c5 34. c4 Nf6 35. cxd5 Nxd5+ 36. Ke4 Nf6+ 37. Kd3 h5 38. gxh5 Nxh5 39. Kc4 Kc6
40. a4 a6 41. a5 b5+ 42. axb6 Kxb6 43. h4 a5 44. Kd3 1/2-1/2

[Event "Cappelle-la-Grande"]
[Site "Cappelle-la-Grande (FRA)"]
[Date "2013.02.25"]
[Round "3.105"]
[White "Vul, Arkadi Eremeevich"]
[Black "Renard, Luc"]
[Result "1-0"]
[WhiteElo "2320"]
[BlackElo "1734"]
[PlyCount "39"]
[EventDate "2013.??.??"]

1. Nf3 Nf6 2. c4 e6 3. Nc3 Bb4 4. Qc2 Bxc3 5. Qxc3 d6 6. d4 h6 7. g3 O-O 8. Bg2
Qe7 9. O-O a5 10. b3 Nbd7 11. Bb2 Re8 12. Rae1 e5 13. e4 c5 14. dxe5 dxe5 15.
Nh4 Nf8 16. Nf5 Qc7 17. Ne3 Ng6 18. f4 exf4 19. Nd5 Qe5 20. Qd2 1-0

[Event "Cappelle-la-Grande"]
[Site "Cappelle-la-Grande (FRA)"]
[Date "2013.02.25"]
[Round "3.110"]
[White "Benali, Boubaker"]
[Black "Boric, Elena"]
[Result "0-1"]
[WhiteElo "1699"]
[BlackElo "2273"]
[PlyCount "60"]
[EventDate "2013.??.??"]

1. d4 f5 2. c4 Nf6 3. Nc3 g6 4. g3 Bg7 5. Bg2 d6 6. e3 O-O 7. Nge2 e5 8. dxe5
dxe5 9. O-O Qe7 10. Qc2 c6 11. b3 Nh5 12. a4 Qf7 13. Ba3 Re8 14. Rad1 a5 15.
Rd2 Na6 16. Na2 Be6 17. Rfd1 h6 18. Bd6 g5 19. Qc3 f4 20. exf4 exf4 21. Nd4 c5
22. Nxe6 Bxc3 23. Nxg5 hxg5 24. Nxc3 f3 25. Bh3 Nf6 26. Bf5 g4 27. Bf4 Nh5 28.
Be4 Nxf4 29. gxf4 Qxf4 30. Re1 Qxd2 0-1

[Event "Cappelle-la-Grande"]
[Site "Cappelle-la-Grande (FRA)"]
[Date "2013.02.25"]
[Round "3.112"]
[White "Haast, Anne"]
[Black "Geene, Joris"]
[Result "1-0"]
[WhiteElo "2268"]
[BlackElo "1630"]
[PlyCount "37"]
[EventDate "2013.??.??"]

1. e4 e5 2. Nf3 Nc6 3. Bb5 a6 4. Ba4 Bc5 5. O-O b5 6. Bb3 Nf6 7. c3 O-O 8. d4
exd4 9. cxd4 Be7 10. e5 Ne8 11. Nc3 d6 12. Nd5 Bb7 13. Nxe7+ Qxe7 14. Re1 Na5
15. Bg5 Bxf3 16. Bxe7 Bxd1 17. Bxd1 dxe5 18. dxe5 c6 19. Bf3 1-0

[Event "Cappelle-la-Grande"]
[Site "Cappelle-la-Grande (FRA)"]
[Date "2013.02.25"]
[Round "3.115"]
[White "Minaud, Olivier"]
[Black "Bannink, Bernard"]
[Result "0-1"]
[WhiteElo "1610"]
[BlackElo "2255"]
[PlyCount "38"]
[EventDate "2013.??.??"]

1. d4 d5 2. c4 dxc4 3. e4 Nf6 4. Nc3 e5 5. Be3 exd4 6. Qxd4 Qxd4 7. Bxd4 Be6 8.
g3 Nc6 9. Nge2 O-O-O 10. Rd1 Nb4 11. Bg2 Nd3+ 12. Kf1 Be7 13. h3 a6 14. Bf3 b5
15. Kg2 c5 16. Be3 Ne5 17. Nd5 Bxd5 18. exd5 Nxf3 19. Kxf3 Nxd5 0-1

[Event "Cappelle-la-Grande"]
[Site "Cappelle-la-Grande (FRA)"]
[Date "2013.02.25"]
[Round "3.121"]
[White "Manet, Eric"]
[Black "Giffard, Nicolas"]
[Result "0-1"]
[WhiteElo "1960"]
[BlackElo "2359"]
[PlyCount "36"]
[EventDate "2013.??.??"]

1. e4 c6 2. d4 d5 3. exd5 cxd5 4. Bd3 Nc6 5. c3 Qc7 6. Qf3 Nxd4 7. Qxd5 Nc6 8.
Ne2 Nf6 9. Qf3 Ne5 10. Bb5+ Bd7 11. Bxd7+ Qxd7 12. Qe3 Nd3+ 13. Kf1 Ng4 14. Qd4
Qxd4 15. cxd4 Ngxf2 16. Rg1 Ng4 17. Rh1 Nxc1 18. Nxc1 Ne3+ 0-1

[Event "Cappelle-la-Grande"]
[Site "Cappelle-la-Grande (FRA)"]
[Date "2013.02.25"]
[Round "3.140"]
[White "Levers, Thierry"]
[Black "Eriksson, Christian"]
[Result "0-1"]
[WhiteElo "1926"]
[BlackElo "2141"]
[PlyCount "40"]
[EventDate "2013.??.??"]

1. d4 d5 2. Nf3 Nf6 3. c4 dxc4 4. e3 e6 5. Bxc4 a6 6. O-O c5 7. Qe2 b5 8. Bd3
Bb7 9. dxc5 Qc7 10. b4 Nc6 11. a3 Ng4 12. g3 h5 13. Nbd2 Rd8 14. Bb2 h4 15. Be4
hxg3 16. fxg3 f5 17. Bc2 Nxh2 18. Nxh2 Qxg3+ 19. Qg2 Qxg2+ 20. Kxg2 Rxd2+ 0-1

[Event "Cappelle-la-Grande"]
[Site "Cappelle-la-Grande (FRA)"]
[Date "2013.02.25"]
[Round "3.150"]
[White "Guerreiro, Nuno"]
[Black "Van Steenkiste, Luc"]
[Result "1-0"]
[WhiteElo "2098"]
[BlackElo "1876"]
[PlyCount "52"]
[EventDate "2013.??.??"]

1. Nf3 f5 2. g3 d6 3. d4 Nf6 4. Bg2 g6 5. O-O Bg7 6. c4 O-O 7. Nc3 Nc6 8. d5
Ne5 9. Nd2 g5 10. b3 a6 11. Bb2 Qe8 12. Nf3 Qg6 13. Qc2 Qh5 14. Nd4 Nfg4 15. h3
f4 16. Ne4 Nh6 (16... Nf6 17. Ne6 Bxe6 18. dxe6 g4 19. h4 f3 20. Ng5) 17. Ne6
Bxe6 18. dxe6 g4 19. h4 f3 20. Ng5 Nf5 21. exf3 Nxf3+ 22. Bxf3 gxf3 23. Bxg7
Nxg7 24. Qe4 Rf6 25. Rfe1 Raf8 26. Re3 h6 1-0

[Event "Cappelle-la-Grande"]
[Site "Cappelle-la-Grande (FRA)"]
[Date "2013.02.25"]
[Round "3.168"]
[White "Piron, Jean-Marie"]
[Black "Cesar, Geovanny"]
[Result "0-1"]
[WhiteElo "1827"]
[BlackElo "2040"]
[PlyCount "50"]
[EventDate "2013.??.??"]

1. b4 f5 2. Bb2 Nf6 3. e3 d6 4. f4 Nbd7 5. Nf3 Nb6 6. a4 a5 7. b5 Be6 8. Be2 g6
9. Nd4 Bd5 10. Bf3 Bxf3 11. Qxf3 Qc8 12. h3 Bg7 13. d3 e5 14. Nxf5 Qxf5 15.
Qxb7 Qc8 16. Qxc8+ Rxc8 17. fxe5 Nfd5 18. Ke2 Bxe5 19. Bxe5 dxe5 20. c4 Nb4 21.
Nc3 O-O 22. Ne4 Rcd8 23. Nc5 Rf6 24. Nb7 Rdf8 25. Raf1 Rxf1 0-1

[Event "Cappelle-la-Grande"]
[Site "Cappelle-la-Grande (FRA)"]
[Date "2013.02.25"]
[Round "3.181"]
[White "Verriere, Nicolas"]
[Black "De La Parra Hurtado, Daniela"]
[Result "0-1"]
[WhiteElo "1736"]
[BlackElo "1980"]
[PlyCount "46"]
[EventDate "2013.??.??"]

1. e4 e5 2. Nf3 Nc6 3. Bb5 f5 4. Nc3 fxe4 5. Nxe4 Nf6 6. d3 d5 7. Nxf6+ gxf6 8.
Nxe5 fxe5 9. Qh5+ Kd7 10. Qf7+ Kd6 11. b3 Nd4 12. c4 Be6 13. Ba3+ c5 14. Bxc5+
Kxc5 15. Qxb7 Qc8 16. b4+ Kxb4 17. Rb1+ Ka5 18. Bc6 Qxb7 19. Bxb7 Rb8 20. Kd2
Bb4+ 21. Rxb4 Kxb4 22. Bxd5 Bxd5 23. cxd5 Kc5 0-1

[Event "Cappelle-la-Grande"]
[Site "Cappelle-la-Grande (FRA)"]
[Date "2013.02.25"]
[Round "3.158"]
[White "Koscielny, Edmond"]
[Black "Maupin, Valerie"]
[Result "0-1"]
[WhiteElo "1876"]
[BlackElo "2080"]
[PlyCount "54"]
[EventDate "2013.??.??"]

1. f4 c5 2. Nf3 Nc6 3. e3 g6 4. Be2 Bg7 5. O-O e6 6. d3 Nge7 7. e4 O-O 8. c3 d5
9. Qe1 b5 10. e5 b4 11. Nbd2 Ba6 12. a3 bxc3 13. bxc3 Rb8 14. Qf2 Qa5 15. c4
Nf5 16. Bd1 Qc3 17. Ba4 Ncd4 18. Ra2 Qxd3 19. cxd5 exd5 20. Re1 Bb5 21. Bd1 Bc6
22. g4 Nxf3+ 23. Nxf3 Nh6 24. Qxc5 Rfc8 25. Bd2 Qb1 26. Rc2 Bd7 27. Be3 Qxc2
0-1

[Event "Cappelle-la-Grande"]
[Site "Cappelle-la-Grande (FRA)"]
[Date "2013.02.25"]
[Round "4.13"]
[White "Vazquez Igarza, Renier"]
[Black "Kunin, Vitaly"]
[Result "1-0"]
[WhiteElo "2565"]
[BlackElo "2525"]
[PlyCount "87"]
[EventDate "2013.??.??"]

1. d4 d5 2. Nf3 Nf6 3. c4 dxc4 4. e3 Bg4 5. Bxc4 e6 6. h3 Bh5 7. Nc3 a6 8. g4
Bg6 9. Ne5 Nbd7 10. Nxg6 hxg6 11. Bf1 c6 12. Bg2 Qc7 13. O-O Nd5 14. f4 O-O-O
15. e4 N5b6 16. e5 c5 17. d5 exd5 18. Nxd5 Nxd5 19. Qxd5 Nb6 20. Qe4 c4 21. Be3
Bc5 22. Bxc5 Qxc5+ 23. Kh2 Qd5 24. Qe3 Qd4 25. Qf3 Qd5 26. Qa3 Qb5 27. Rad1 Nd5
28. Qf3 Ne7 29. b3 cxb3 30. a4 Qb4 31. Rb1 Nc6 32. Rxb3 Qc4 33. Rfb1 Rd2 34.
Rxb7 Rhd8 35. R7b6 Na5 36. R6b4 Qc5 37. R1b2 Rxb2 38. Rxb2 Rd4 39. Qa8+ Kd7 40.
Qxa6 Rxa4 41. Rb5 Qc7 42. Rb7 Nxb7 43. Qxa4+ Ke7 44. Qa7 1-0

[Event "Cappelle-la-Grande"]
[Site "Cappelle-la-Grande (FRA)"]
[Date "2013.02.25"]
[Round "4.14"]
[White "Ter-Sahakyan, Samvel"]
[Black "Mueller, Ralf"]
[Result "1-0"]
[WhiteElo "2563"]
[BlackElo "2412"]
[PlyCount "57"]
[EventDate "2013.??.??"]

1. e4 e5 2. Nf3 Nc6 3. Bb5 Nf6 4. d3 Bc5 5. c3 d6 6. O-O O-O 7. Bg5 h6 8. Bh4
a6 9. Ba4 Ba7 10. Nbd2 Re8 11. Re1 Kh8 12. Nf1 g5 13. Bg3 Bd7 14. Ne3 Kg7 15.
Bc2 Ng4 16. d4 Nxe3 17. fxe3 f5 18. exf5 e4 19. Nd2 Bxf5 20. Rf1 Qd7 21. Qb1
Qe6 22. b4 Bg6 23. Bb3 Qg4 24. Bd1 Qe6 25. Qb3 Qd7 26. Bc2 d5 27. a4 Ne7 28.
Be5+ Kh7 29. Nxe4 1-0

[Event "Cappelle-la-Grande"]
[Site "Cappelle-la-Grande (FRA)"]
[Date "2013.02.25"]
[Round "4.15"]
[White "Raznikov, Danny"]
[Black "Papin, Vasily"]
[Result "1/2-1/2"]
[WhiteElo "2463"]
[BlackElo "2562"]
[PlyCount "43"]
[EventDate "2013.??.??"]

1. d4 Nf6 2. c4 e6 3. Nc3 Bb4 4. e3 c5 5. Nge2 cxd4 6. exd4 d5 7. a3 Bxc3+ 8.
Nxc3 dxc4 9. Bxc4 O-O 10. O-O Nc6 11. Be3 b6 12. d5 exd5 13. Nxd5 Be6 14. Nxf6+
Qxf6 15. Bxe6 Qxe6 16. Qa4 Ne5 17. Rfd1 Rfe8 18. h3 a6 19. Qe4 Nc4 20. Qxe6
Rxe6 21. Bd4 h6 22. Bc3 1/2-1/2

[Event "Cappelle-la-Grande"]
[Site "Cappelle-la-Grande (FRA)"]
[Date "2013.02.25"]
[Round "4.16"]
[White "Petkov, Vladimir"]
[Black "Pogorelov, Ruslan"]
[Result "1/2-1/2"]
[WhiteElo "2559"]
[BlackElo "2403"]
[PlyCount "49"]
[EventDate "2013.??.??"]

1. d4 e6 2. c4 Nf6 3. g3 Bb4+ 4. Bd2 Be7 5. Bg2 d5 6. Nf3 c6 7. O-O O-O 8. Nc3
Nbd7 9. Qb3 b6 10. Rfd1 Bb7 11. Bf4 Nh5 12. Ne5 Nxe5 13. dxe5 Nxf4 14. gxf4 Bc5
15. Ne4 Qe7 16. Nxc5 Qxc5 17. Rac1 Qe7 18. Qg3 Rad8 19. cxd5 cxd5 20. Rc3 Rc8
21. Rdc1 h6 22. a3 Rxc3 23. Rxc3 d4 24. Rc4 Rd8 25. Bxb7 1/2-1/2

[Event "Cappelle-la-Grande"]
[Site "Cappelle-la-Grande (FRA)"]
[Date "2013.02.25"]
[Round "4.17"]
[White "Danielian, Elina"]
[Black "Borovikov, Vladislav"]
[Result "1/2-1/2"]
[WhiteElo "2466"]
[BlackElo "2557"]
[PlyCount "26"]
[EventDate "2013.??.??"]

1. d4 d5 2. c4 c6 3. Nf3 Nf6 4. e3 a6 5. Bd3 Bg4 6. Nbd2 e6 7. h3 Bh5 8. Qb3
Qc7 9. Ne5 Nbd7 10. Nxd7 Nxd7 11. O-O Be7 12. e4 dxe4 13. Nxe4 O-O 1/2-1/2

[Event "Cappelle-la-Grande"]
[Site "Cappelle-la-Grande (FRA)"]
[Date "2013.02.25"]
[Round "4.20"]
[White "Iturrizaga, Eduardo"]
[Black "Bailet, Pierre"]
[Result "1/2-1/2"]
[WhiteElo "2646"]
[BlackElo "2440"]
[PlyCount "77"]
[EventDate "2013.??.??"]

1. Nf3 Nf6 2. c4 c6 3. Nc3 d5 4. e3 g6 5. d4 Bg7 6. Be2 O-O 7. O-O dxc4 8. Bxc4
Bg4 9. h3 Bxf3 10. Qxf3 Nbd7 11. Bb3 e5 12. d5 e4 13. Qd1 cxd5 14. Bxd5 Nc5 15.
Bc4 Qxd1 16. Rxd1 Rfd8 17. Bd2 Nd3 18. Rab1 Rac8 19. Bb3 Rd7 20. Ba4 Rd6 21.
Kf1 Rcd8 22. Be1 a6 23. Ke2 Kf8 24. Bc2 Nxe1 25. Rxd6 Rxd6 26. Kxe1 Rc6 27. Rd1
b5 28. Bb3 Ne8 29. Nxe4 Bxb2 30. Rd7 Rc7 31. Rd8 Ke7 32. Ra8 a5 33. Rxa5 f5 34.
Nd2 Bc3 35. Rxb5 Nd6 36. Rd5 Ne4 37. Ke2 Nxd2 38. Rxd2 Bxd2 39. Kxd2 1/2-1/2

[Event "Cappelle-la-Grande"]
[Site "Cappelle-la-Grande (FRA)"]
[Date "2013.02.25"]
[Round "4.21"]
[White "Drasko, Milan"]
[Black "Fedorchuk, Sergey A"]
[Result "0-1"]
[WhiteElo "2459"]
[BlackElo "2643"]
[PlyCount "80"]
[EventDate "2013.??.??"]

1. Nf3 Nf6 2. g3 b5 3. Bg2 Bb7 4. b3 d6 5. c4 bxc4 6. bxc4 Nbd7 7. O-O g6 8.
Nc3 Bg7 9. Rb1 Rb8 10. Qa4 O-O 11. Qxa7 Nc5 12. Qa3 Nfd7 13. d3 Ra8 14. Qb4 Ra6
15. Be3 Qa8 16. Nb5 Rc8 17. d4 Ra4 18. Qe1 Ne4 19. Rb4 Rxa2 20. d5 Ra1 21. Rb1
Ra4 22. Nfd4 Ndc5 23. f3 Nf6 24. Bh3 Ncd7 25. Nc6 Bxc6 26. dxc6 Qxc6 27. Na7
Rxa7 28. Bxa7 Qxc4 29. Qc1 Qa6 30. Bd4 e6 31. Qd2 c5 32. Ra1 Qc6 33. Be3 d5 34.
Rfc1 d4 35. Bf2 Nd5 36. Ra7 N7b6 37. f4 Ne3 38. Qa5 Nbc4 39. Qa2 Nb2 40. Qxb2
d3 0-1

[Event "Cappelle-la-Grande"]
[Site "Cappelle-la-Grande (FRA)"]
[Date "2013.02.25"]
[Round "4.23"]
[White "Sumets, Andrey"]
[Black "Terrieux, Kevin"]
[Result "1/2-1/2"]
[WhiteElo "2632"]
[BlackElo "2419"]
[PlyCount "47"]
[EventDate "2013.??.??"]

1. d4 Nf6 2. c4 e6 3. Nf3 b6 4. g3 Bb7 5. Bg2 Be7 6. O-O O-O 7. Re1 Ne4 8. Nfd2
d5 9. Nxe4 dxe4 10. Nc3 f5 11. f3 Bf6 12. e3 c5 13. fxe4 cxd4 14. exd4 Bxd4+
15. Be3 Bxc3 16. bxc3 Na6 17. Bd4 Qc7 18. exf5 Bxg2 19. Kxg2 exf5 20. Qf3 Rad8
21. Re2 Qxc4 22. Rae1 Nc5 23. a4 Qxa4 24. Re7 1/2-1/2

[Event "Cappelle-la-Grande"]
[Site "Cappelle-la-Grande (FRA)"]
[Date "2013.02.25"]
[Round "4.25"]
[White "Kravtsiv, Martyn"]
[Black "Berg, Klaus"]
[Result "1-0"]
[WhiteElo "2597"]
[BlackElo "2390"]
[PlyCount "67"]
[EventDate "2013.??.??"]

1. e4 c6 2. d4 d5 3. e5 Bf5 4. Nd2 e6 5. Nb3 Nd7 6. Nf3 Ne7 7. Be2 h6 8. O-O
Bh7 9. a4 Rc8 10. Bd2 Nf5 11. a5 a6 12. c4 dxc4 13. Bxc4 Be7 14. Bc3 O-O 15.
Nfd2 Qc7 16. Qe2 Rfd8 17. Rac1 c5 18. d5 exd5 19. Bxd5 Nf8 20. Qc4 Bg5 21. Rcd1
Nd4 22. f4 Rxd5 23. Qxd5 Ne2+ 24. Kh1 Nxf4 25. Qf3 Bd3 26. Rfe1 Bc2 27. h4 Bxh4
28. Qxf4 Ng6 29. Qg4 Bxd1 30. Rxd1 Re8 31. Nf3 Bf2 32. Rf1 Be3 33. Re1 Bf4 34.
e6 1-0

[Event "Cappelle-la-Grande"]
[Site "Cappelle-la-Grande (FRA)"]
[Date "2013.02.25"]
[Round "4.26"]
[White "Zubarev, Alexander"]
[Black "Georgiadis, Nico"]
[Result "1/2-1/2"]
[WhiteElo "2591"]
[BlackElo "2380"]
[PlyCount "85"]
[EventDate "2013.??.??"]

1. g3 c5 2. Bg2 Nc6 3. e4 g6 4. Ne2 Bg7 5. O-O Nf6 6. c4 O-O 7. Nbc3 d6 8. d3
Bd7 9. h3 Ne8 10. f4 f5 11. Be3 Nc7 12. exf5 Bxf5 13. d4 cxd4 14. Nxd4 Qd7 15.
g4 Be6 16. Nxe6 Nxe6 17. Qd2 Kh8 18. Rae1 Rad8 19. Nd5 Nc7 20. Bf2 Rde8 21.
Nxc7 Qxc7 22. Re6 Nd8 23. Re4 e5 24. fxe5 Rxe5 25. Rxe5 Bxe5 26. Bxa7 Rxf1+ 27.
Bxf1 Ne6 28. Be3 Qg7 29. b3 g5 30. Qd5 Nf4 31. Qe4 h5 32. gxh5 Nxh5 33. Bg2 Qf6
34. Qxb7 Bh2+ 35. Kxh2 Qe5+ 36. Kh1 Ng3+ 37. Kg1 Qxe3+ 38. Kh2 Ne2 39. Qc8+ Kg7
40. Qd7+ Kh8 41. Qd8+ Kg7 42. Qd7+ Kh8 43. Qd8+ 1/2-1/2

[Event "Cappelle-la-Grande"]
[Site "Cappelle-la-Grande (FRA)"]
[Date "2013.02.25"]
[Round "4.27"]
[White "Vorobiov, Evgeny E"]
[Black "Clery, Nicolas"]
[Result "1-0"]
[WhiteElo "2584"]
[BlackElo "2373"]
[PlyCount "105"]
[EventDate "2013.??.??"]

1. d4 d5 2. c4 e6 3. Nf3 Nf6 4. g3 Bb4+ 5. Bd2 Be7 6. Bg2 O-O 7. O-O c6 8. Qc2
Nbd7 9. Bf4 b6 10. Rd1 Bb7 11. Ne5 Nh5 12. Bd2 Nhf6 13. cxd5 cxd5 14. Nc6 Bxc6
15. Qxc6 Rc8 16. Qb5 Nb8 17. Nc3 Nc6 18. e3 Ne8 19. Qa4 Nd6 20. Bf1 Na5 21. Be1
Ndc4 22. Qc2 Nc6 23. b3 Na3 24. Qb2 Bb4 25. Rac1 Qd6 26. Ba6 Rcd8 27. Ne4 Qd7
28. Ng5 Be7 29. Nf3 Nb8 30. Ne5 Qd6 31. Be2 b5 32. Rc5 Qa6 33. Bb4 f6 34. Nd3
Nc4 35. bxc4 dxc4 36. Nf4 Bxc5 37. Bxc5 Rfe8 38. Rb1 e5 39. dxe5 fxe5 40. Nh5
g6 41. a4 Nd7 42. axb5 Qb7 43. Bxc4+ Kh8 44. Bd6 gxh5 45. Bf7 h4 46. Bxe8 Rxe8
47. Qc2 Qd5 48. Qc6 Qd3 49. Ra1 Qf5 50. e4 Qg4 51. f3 Qh3 52. Rxa7 hxg3 53.
Bxe5+ 1-0

[Event "Cappelle-la-Grande"]
[Site "Cappelle-la-Grande (FRA)"]
[Date "2013.02.25"]
[Round "4.28"]
[White "Aghasaryan, Robert"]
[Black "Popovic, Dusan"]
[Result "0-1"]
[WhiteElo "2425"]
[BlackElo "2574"]
[PlyCount "64"]
[EventDate "2013.??.??"]

1. d4 d6 2. e4 Nf6 3. f3 g6 4. c4 Bg7 5. Nc3 O-O 6. Nge2 c6 7. Be3 e5 8. d5
cxd5 9. cxd5 a6 10. Qd2 Nbd7 11. O-O-O b5 12. Kb1 Nb6 13. b3 b4 14. Bxb6 Qxb6
15. Na4 Qb8 16. Nc1 Bd7 17. Nb2 Nh5 18. Nc4 f5 19. Na5 fxe4 20. fxe4 Nf6 21.
Bd3 Ng4 22. Rhf1 Qb6 23. Nc4 Qc5 24. Bc2 a5 25. Nd3 Qd4 26. Rxf8+ Rxf8 27. Nxa5
Ne3 28. Nc4 Nxd1 29. Qxd1 Qxe4 30. Ndxe5 Qxg2 31. Ne3 Qh3 32. Nxd7 Qxd7 0-1

[Event "Cappelle-la-Grande"]
[Site "Cappelle-la-Grande (FRA)"]
[Date "2013.02.25"]
[Round "4.29"]
[White "Nabaty, Tamir"]
[Black "Shirazi, Kamran"]
[Result "1/2-1/2"]
[WhiteElo "2573"]
[BlackElo "2373"]
[PlyCount "77"]
[EventDate "2013.??.??"]

1. d4 Nf6 2. c4 b6 3. f3 e6 4. e4 Bb4+ 5. Bd2 Bxd2+ 6. Qxd2 O-O 7. Bd3 c5 8. d5
b5 9. dxe6 fxe6 10. cxb5 d5 11. Ne2 a6 12. exd5 exd5 13. Nbc3 axb5 14. Bxb5 d4
15. Na4 Nd5 16. O-O Ra5 17. Bc4 Rxa4 18. Bxd5+ Qxd5 19. Nc3 Qc6 20. Nxa4 Qxa4
21. Rac1 Qa7 22. Qg5 Na6 23. Rfe1 h6 24. Qd5+ Qf7 25. Re5 Kh7 26. a3 Qg6 27.
Kf2 Bf5 28. Rce1 d3 29. Re7 Qf6 30. R1e5 Nc7 31. Rxc7 Rd8 32. Rxf5 Qxb2+ 33.
Kg3 Rxd5 34. Rxd5 Qb8 35. Rdd7 Kg6 36. Rd6+ Kh7 37. Rdd7 d2 38. Rxg7+ Kh8 39.
Rh7+ 1/2-1/2